Biggest Cities in Israel - Statistics

General Stats
  • This quiz has been taken 93 times
  • The average score is 10 of 20
Answer Stats
Hint Answer % Correct
1 882,562 Jerusalem
100%
2 438,818 Tel Aviv
96%
3 279,591 Haifa
93%
8 205,810 Beersheba
78%
6 221,591 Ashdod
70%
7 210,834 Netanya
61%
13 134,454 Ashkelon
60%
20 75,922 Nazareth
55%
5 236,169 Petah Tikva
53%
4 247,323 Rishon LeZion
51%
9 190,838 Holon
48%
10 188,964 Bnei Brak
43%
11 153,674 Ramat Gan
41%
14 128,904 Bat Yam
34%
18 79,400 Hadera
26%
17 93,116 Herzliya
23%
12 135,726 Rehovot
21%
19 90,013 Modi'in-Maccabim-Re'ut
16%
16 98,981 Kfar Saba
14%
15 128,904 Beit Shemesh
8%
No matching quizzes found
Score Distribution
Percent of People with Each Score
Percentile by Number Answered
Your Score History
You have not taken this quiz